ՀՀ Գիտությունների ազգային ակադեմիայի հիմնարար գիտական գրադարան  =   Fundamental Scientific Library of NAS RA

Геоморфология Восточной Якутии / (Record no. 467074)

MARC details
000 -LEADER
fixed length control field 00978nam a2200217 a 4500
001 - CONTROL NUMBER
control field 000079067
003 - CONTROL NUMBER IDENTIFIER
control field AM-YeHGA
005 - DATE AND TIME OF LATEST TRANSACTION
control field 20250617161159.0
008 - FIXED-LENGTH DATA ELEMENTS--GENERAL INFORMATION
fixed length control field 030329s1967 ||||| |||||||||||||rus|c
040 ## - CATALOGING SOURCE
Original cataloging agency AM-YeHGA
090 ## - LOCALLY ASSIGNED LC-TYPE CALL NUMBER (OCLC); LOCAL CALL NUMBER (RLIN)
-- 470300
245 00 - TITLE STATEMENT
Title Геоморфология Восточной Якутии /
Statement of responsibility, etc. Б.С. Русанов, З.Ф. Бороденкова, В.Ф. Гончаров, О.В. Гриненко и др. ; Отв. ред. Н.А. Граве ; АН СССР. Якутский филиал Сибирского Отделения. Ин-т геологии.
260 ## - PUBLICATION, DISTRIBUTION, ETC.
Place of publication, distribution, etc. Якутск :
Name of publisher, distributor, etc. Якутское кн. изд-во,
Date of publication, distribution, etc. 1967.
300 ## - PHYSICAL DESCRIPTION
Extent 375 с.
650 14 - SUBJECT ADDED ENTRY--TOPICAL TERM
Topical term or geographic name entry element Геоморфология
700 1# - ADDED ENTRY--PERSONAL NAME
Personal name Русанов, Б.С.
700 1# - ADDED ENTRY--PERSONAL NAME
Personal name Гончаров, В.Ф.
700 1# - ADDED ENTRY--PERSONAL NAME
Personal name Гриненко, О.В.
700 1# - ADDED ENTRY--PERSONAL NAME
Personal name Граве, Н.А.
Relator term ред.
Relationship edt
710 2# - ADDED ENTRY--CORPORATE NAME
Corporate name or jurisdiction name as entry element Институт геологии Якутского фил. СО АН СССР
Holdings
Withdrawn status Lost status Source of classification or shelving scheme Damaged status Not for loan Collection Home library Current library Date acquired Total checkouts Full call number Barcode Date last seen Price effective from Koha item type Public note
    Universal Decimal Classification     General Fundamental Scientific Library Fundamental Scientific Library 01/03/2018   PIII/23296 FL0486132 01/03/2018 01/03/2018 Գրքեր / Books 30 Days Loan


ՀՀ ԳԱԱ հիմնարար գիտական գրադարան
ՀՀ,Երևան 0019
Մարշալ Բաղրամյան 24/6
հեռախոս:(374-10) 52-47-50
Հետադարձ կապ

All site content, except where otherwise noted, is licensed under a
Creative Commons License